Quality index of an Oxisol under different management systems in the Brazilian Cerrado (Registro n. 338228)
[ somente texto ]
| 000 -LÍDER | |
|---|---|
| fixed length control field | 04205nab a2200349 i 4500 |
| 003 - CÓDIGO MARC DA AGÊNCIA CATALOGADORA | |
| Campo de controle | BR-BrBNA |
| 005 - DATA E HORA DA ÚLTIMA ATUALIZAÇÃO | |
| Campo de controle | 20250917160811.0 |
| 008 - CAMPO DE TAMANHO FIXO | |
| fixed length control field | 250917b2021 bl.mr|pooa||| 00| 0eng | |
| 040 ## - FONTE DA CATALOGAÇÃO | |
| Agência catalogadora | BR-BrBNA |
| Idioma da catalogação | eng |
| 072 ## - CATEGORIA AGRIS | |
| Código AGRIS | P33 |
| 072 ## - CATEGORIA AGRIS | |
| Código AGRIS | F08 |
| 100 ## - ENTRADA PRINCIPAL - NOME PESSOAL | |
| Nome pessoal | Fagundes, Marla O. |
| 100 ## - ENTRADA PRINCIPAL - NOME PESSOAL | |
| Nome pessoal | Reis, Diony A. |
| 100 ## - ENTRADA PRINCIPAL - NOME PESSOAL | |
| Nome pessoal | Portella, Roberto B. |
| 100 ## - ENTRADA PRINCIPAL - NOME PESSOAL | |
| Nome pessoal | Perina, Fabiano J. |
| 100 ## - ENTRADA PRINCIPAL - NOME PESSOAL | |
| Nome pessoal | Bogiani, Julio C. |
| 245 ## - TÍTULO PRINCIPAL | |
| Título principal | Quality index of an Oxisol under different management systems in the Brazilian Cerrado |
| 500 ## - NOTA GERAL | |
| Nota geral | Publicação on-line; 27 ref.; Sumaries (En, Pt) |
| 942 ## - ADDED ENTRY ELEMENTS (KOHA) | |
| Koha item type | Analítica |
| 520 ## - NOTA DE RESUMO | |
| Nota de conteúdo | <br/><br/>ABSTRACT: Assessing soil quality under different cover crops or different management systems is essential to its conservation. This study aimed to evaluate an Oxisol cultivated with corn and cotton, after different crop successions and under no-tillage system (NTS) and conventional tillage system (CT), through the soil quality index (SQI), using an area of native Cerrado as reference. The study was carried out in the municipality of Luís Eduardo Magalhães, Western Bahia, Brazil. Soil samples with the preserved and non-preserved structure were collected in the layers of 0-0.05 m, 0.05-0.10 m, and 0.10-0.20 m to determine the macroporosity, the soil bulk density, the available water, the levels of total organic carbon, the clay dispersed in water, and the degree of flocculation. The averages of the attributes measured in the treatments and the soil quality index, which was elaborated by the method of deviations of the values of the attributes measured in the treatments concerning the reference area, followed by normalization, were compared by the Duncan test (p ≤ 0.05). The soil under CT, in all treatments, had its quality reduced when compared to the NTS. Also, the SQI used was sensitive to detect the changes caused by the management systems and assign consistent scores to the evaluated soil quality.<br/><br/>Key words: soil conservation, sustainable management, crop rotation, conventional tillage, no-tillage system |
| 520 ## - NOTA DE RESUMO | |
| Nota de conteúdo | <br/><br/>RESUMO: Avaliar a qualidade dos solos sob diferentes culturas de cobertura ou sob diferentes sistemas de manejo torna-se essencial à sua conservação. Objetivou-se neste estudo avaliar um Oxisol cultivado com milho e algodão, após diferentes sucessões culturas e sob sistema plantio direto (SPD) e plantio convencional (PC), por meio de índice de qualidade do solo (IQS), utilizando como referência uma área de Cerrado nativo. O estudo foi realizado no município de Luís Eduardo Magalhães, Oeste da Bahia, Brasil. Amostras de solo com estrutura preservada e não preservada foram coletadas nas camadas de 0-0,05 m; 0,05-0,10 m e 0,10-0,20 m, para determinação da macroporosidade, densidade do solo, água disponível, teores de carbono orgânico total, argila dispersa em água e grau de floculação. As médias dos atributos mensurados nos tratamentos e o índice de qualidade do solo, que foi elaborado pelo método dos desvios dos valores dos atributos medidos nos tratamentos em relação à área de referência, seguido da normalização, foram comparados pelo teste de Duncan (p ≤ 0,05). O solo sob PC, em todos os tratamentos, teve a sua qualidade reduzida quando comparado com o SPD, além disso, o IQS utilizado foi sensível para detectar as alterações provocadas pelos sistemas de manejo e atribuir escores coerentes à qualidade do solo avaliado.<br/><br/>Palavras-chave: conservação do solo, manejo sustentável, rotação de culturas, plantio convencional, sistema plantio direto |
| 650 ## - ASSUNTO - THESAGRO | |
| Cabeçalho tópico ou nome geográfico | CERRADO |
| 650 ## - ASSUNTO - THESAGRO | |
| Cabeçalho tópico ou nome geográfico | ANÁLISE DO SOLO |
| 650 ## - ASSUNTO - THESAGRO | |
| Cabeçalho tópico ou nome geográfico | MANEJO DO SOLO |
| 650 ## - ASSUNTO - THESAGRO | |
| Cabeçalho tópico ou nome geográfico | SUSTENTABILIDADE |
| 650 ## - ASSUNTO - THESAGRO | |
| Cabeçalho tópico ou nome geográfico | SISTEMA DE CULTIVO |
| 650 ## - ASSUNTO - THESAGRO | |
| Cabeçalho tópico ou nome geográfico | ROTAÇÃO DE CULTURA |
| 650 ## - ASSUNTO - THESAGRO | |
| Cabeçalho tópico ou nome geográfico | CONSERVAÇÃO DO SOLO |
| 773 0# - ENTRADA ANALÍTICA | |
| Host Biblionumber | 3534 |
| Registro do item | 317809 |
| Imprenta | Campina Grande-PB Universidade Federal de Campina Grande. Centro de Ciências e Tecnologia 1997 |
| Outro identificador | 2024-4528 |
| Título | Revista Brasileira de Engenharia Agrícola e Ambiental (Brazil) |
| ISSN | 1415-4366 |
| Colação | v. 25 (5) p. 319-324; (2021) |
| Número de controle de registro | BR2025003658 |
| 856 ## - ACESSO E ENDEREÇO ELETRÔNICO | |
| Identificador uniforme de recurso - URI | https://www.scielo.br/j/rbeaa/a/8xz5TgX4PGYZcN3z3FCxvfN/?format=pdf&lang=en |
Nenhum exemplar disponível.

BINAGRI